| 000 -CABECERA |
| campo de control de longitud fija |
00791nam a2200217 a 4500 |
| 001 - NÚMERO DE CONTROL |
| campo de control |
000005503 |
| 005 - FECHA Y HORA DE LA ÚLTIMA TRANSACCIÓN |
| campo de control |
20200120221832.0 |
| 008 - DATOS DE LONGITUD FIJA--INFORMACIÓN GENERAL |
| campo de control de longitud fija |
990304s1995 col gr 0 000 d |
| 020 ## - NÚMERO INTERNACIONAL ESTÁNDAR DEL LIBRO |
| Número Internacional Estándar del Libro |
958-30-0161-9 |
| 090 ## - LOCALMENTE ASIGNADO TIPO-LC NÚMERO DE CLASIFICACIÓN (OCLC); NÚMERO DE CLASIFICACIÓN LOCAL (RLIN) |
| Número de clasificación (OCLC) (R) ; Numero de clasificación, CALL (RLIN) (NR) |
AT |
| Número cutter local (OCLC) ; Número de libro/Signatura topográfica íntegra, CALL (RLIN) |
MOLt |
| 100 0# - ENTRADA PRINCIPAL--NOMBRE DE PERSONA |
| Nombre de persona |
Moliere (Jean Baptiste Poquelin) |
| 245 10 - MENCIÓN DE TÍTULO |
| Título |
Tartufo / |
| Mención de responsabilidad, etc. |
Moliere, traducción y notas: Alfonso Correa Motta. |
| 260 ## - PUBLICACIÓN, DISTRIBUCIÓN, ETC. |
| Lugar de publicación, distribución, etc. |
Santafé de Bogotá : |
| Nombre del editor, distribuidor, etc. |
Panamericana, |
| Fecha de publicación, distribución, etc. |
1995. |
| 300 ## - DESCRIPCIÓN FÍSICA |
| Extensión |
125p. |
| 490 #0 - MENCIÓN DE SERIE |
| Mención de serie |
Comedia |
| 500 ## - NOTA GENERAL |
| Nota general |
Ej.1 a 4 de Marichuela 3a. ed. 2000 |
| 500 ## - NOTA GENERAL |
| Nota general |
Ej.1 a Ej.4 de Marichuela donados por la Secretaría de Educación de Bogotá ; Ej, 1, 2 y 3 de Biblioteca Mosquera 6a. reimp. 2011. ISBN: 9789583001611 |
| 650 14 - PUNTO DE ACCESO ADICIONAL DE MATERIA--TÉRMINO DE MATERIA |
| Término de materia o nombre geográfico como elemento de entrada |
LITERATURA FRANCESA |
| 650 14 - PUNTO DE ACCESO ADICIONAL DE MATERIA--TÉRMINO DE MATERIA |
| Término de materia o nombre geográfico como elemento de entrada |
TEATRO FRANCES |
| 650 14 - PUNTO DE ACCESO ADICIONAL DE MATERIA--TÉRMINO DE MATERIA |
| Término de materia o nombre geográfico como elemento de entrada |
MOLIERE 1622-1673-CRITICA E INTERPRETACION |